000 00689nam a2200289Ia 4500
005 20260324143143.0
008 008 260324s9999 xx 000 0 eng d
020 _a9780429303869
037 _aEBOOK
040 _aCRL
040 _beng
040 _cCRL
041 _2eng
041 _aeng
084 _qCRL
100 _aAharon Klieman; Reuven Pedatzur
_91214586
245 0 _aRearming Israel
245 0 _bDefense Procurement Through The 1990s
260 _bTaylor and Francis
260 _c1992
365 _a
365 _b230
856 _uhttp://www.taylorfrancis.com/books/9780429303869
942 _cEBOOK
999 _c1819653
_d1819653